000 00651nam a2200217Ia 4500
005 20241129105803.0
008 241129s9999||||xx |||||||||||||| ||und||
020 _a978-1-032-23349-9
037 _aTB
040 _aARTS
_beng
_cARTS
041 _aeng
_2eng
084 _aW691.212 R2
_qARTS
100 _aMannathukkaren Nissim Au.
_932602
245 0 _aCommunism, subaltern studies and postcolonial theory: the left in South India
_cMannathukkaren Nissim Au.
260 _aUK
_bRoutledge
_c2022
300 _axi,437p.
365 _aINR
_b1495
650 _aPolitical Science
942 _cTB
_hW691.212 R2
999 _c1225935
_d1225935